| 000 | 00500nam a2200157Ia 4500 | ||
|---|---|---|---|
| 003 | GCL | ||
| 008 | 140319s9999 xx 000 0 ara d | ||
| 040 |
_aGCL / _cGCL |
||
| 082 | 0 | 4 |
_a327.56073 _bب م |
| 100 | 1 | _aبادو، جون س | |
| 245 | 1 | 0 |
_aالموقف الامريكى : تجاه العالم العربى / _cبادو، جون س |
| 650 | 0 | 4 | _aالولايات المتحدة الامريكية |
| 650 | 0 | 4 | _aالسياسة |
| 650 | 0 | 4 | _aالعلاقات الدولية |
| 942 |
_2ddc _cBK |
||
| 999 |
_c42216 _d42216 |
||